| 000 | 00390nam a2200157Ia 4500 | ||
|---|---|---|---|
| 008 | 240729s9999 xx 000 0 und d | ||
| 022 | _a1970-9528 | ||
| 245 | 0 | _aTropical Zoology | |
| 260 | _aItaly | ||
| 260 | _bPAGEPress Publications | ||
| 650 | _a Zoology | ||
| 650 | _aScience | ||
| 856 | _uhttps://doaj.org/toc/4874266cee714ee3b3a12aa8013ee285 | ||
| 942 | _2ddc | ||
| 942 | _cDOAJEJ | ||
| 999 |
_c66371 _d66371 |
||
| 945 |
_a1 _bMadushi Gamage _c1 _dMadushi Gamage |
||